zpět

Detail výsledku týmu

Auto Da Fé ST, Kladno

Datum a čas kvízu

19 Celkem bodů Celkový počet nahraných bodů na tomto kvízu bez doplňovacích otázek.
12. Pořadí na kvízu Konečné umístění týmu na tomto kvízu.

Zaznamenané odpovědi

# Otázka Odpověď Body Výsledky
1. Minulý týden jsme se dozvěděli... Královská opera/ Royal Opera 0
2. Jistá evropská metropole se ro... Berlín 0
3. Ve čtvrtek vstoupil do kin dlo... Il Boemo, Josef Mysliveček 0
4. Jeden z nejznámějších snímků d... D) Sloupy stvoření 0
5. Jak se jmenuje letošní nositel... Karim Benzema, Real Madrid 1
6. Ve výběru tohoto tématu na vás... FK Teplice 0
7. Snímek Padesát odstínů šedi vz... Stmívání (Twilight) 0
8. Bílá nemoc je české protiváleč... Galén, Hugo Haas 0
9. Pro zisk dalšího bodu napište... Červený drak 0
10. Černá kočka, bílý kocour je bl... Emir Kusturica 0